[Event "Titled Tuesday intern op 03rd Jan Late"]
[Site "Chess.com INT"]
[Date "2025.06.03"]
[Round "5"]
[White "Dovgaliuk, Oleksandr"]
[Black "Walmer, Benjamin"]
[Result "1-0"]
[WhiteElo "2240"]
[BlackElo "1990"]
[PlyCount "79"]
[EventDate "2025.06.03"]
[EventType "swiss (blitz)"]
[EventRounds "11"]
[EventCountry "USA"]
[SourceTitle "CB24_2025"]
[SourceDate "2025.06.11"]
[SourceVersion "1"]
[SourceVersionDate "2025.06.11"]
[SourceQuality "1"]

1. e4 c5 2. Nf3 e6 3. d4 cxd4 4. Nxd4 Nf6 5. Nc3 Nc6 6. Be2 Qc7 7. Ndb5 Qb8 8. f4 a6 9. e5 axb5 10. exf6 b4 11. fxg7 Bxg7 12. Nb5 d5 13. 0-0 Ne7 14. Bd3 0-0 15. f5 exf5 16. Bf4 Be5 17. Qd2 Bxf4 18. Rxf4 Ng6 19. Rf3 Qe5 20. Qxb4 Bd7 21. Re1 Qf6 22. Nc7 Rxa2 23. Nxd5 Qc6 24. Qd4 Ra4 25. b4 f6 26. Rg3 Qd6 27. Ne7+ Qxe7 28. Rxe7 Be8 29. Qh4 Bf7 30. Qxf6 Rxb4 31. h4 Rb1+ 32. Kh2 Rb4 33. h5 Rg4 34. Rxg4 fxg4 35. hxg6 hxg6 36. Bxg6 g3+ 37. Kxg3 b5 38. Bxf7+ Kh7 39. Qg6+ Kh8 40. Qh6# 1-0

[Event "Titled Tuesday intern op 03rd Jan Late"]
[Site "Chess.com INT"]
[Date "2025.06.03"]
[Round "10"]
[White "Khanbutaev, Artemiy"]
[Black "Walmer, Benjamin"]
[Result "0-1"]
[WhiteElo "2059"]
[BlackElo "1990"]
[PlyCount "78"]
[EventDate "2025.06.03"]
[EventType "swiss (blitz)"]
[EventRounds "11"]
[EventCountry "USA"]
[SourceTitle "CB24_2025"]
[SourceDate "2025.06.11"]
[SourceVersion "1"]
[SourceVersionDate "2025.06.11"]
[SourceQuality "1"]

1. d4 d5 2. c4 e6 3. Nf3 Nf6 4. g3 dxc4 5. Bg2 Bb4+ 6. Nc3 b5 7. 0-0 c6 8. Ne5 Nd5 9. Qc2 Bb7 10. e4 Nb6 11. Rd1 N8d7 12. d5 cxd5 13. Nxd7 Qxd7 14. exd5 exd5 15. Be3 0-0 16. Bxb6 Bxc3 17. Qxc3 axb6 18. Qd4 Qc7 19. Bxd5 Rad8 20. Qe4 Rfe8 21. Qg2 Rxd5 22. Rxd5 h6 23. Rad1 Qc6 24. f3 b4 25. Qd2 c3 26. bxc3 bxc3 27. Qc2 b5 28. Rd8 Qb6+ 29. Qf2 Rxd8 30. Qxb6 Rxd1+ 31. Kf2 c2 32. Qd8+ Rxd8 33. Ke3 c1Q+ 34. Ke2 Rd2+ 35. Ke3 Qc3+ 36. Kf4 Qd4+ 37. Kf5 Qf6+ 38. Kg4 Bc8+ 39. Kh5 Qg5# 0-1

[Event "Titled Tuesday intern op 03rd Jan Late"]
[Site "Chess.com INT"]
[Date "2025.06.03"]
[Round "11"]
[White "Walmer, Benjamin"]
[Black "Kaczur, Florian"]
[Result "1/2-1/2"]
[WhiteElo "1990"]
[BlackElo "2500"]
[PlyCount "80"]
[EventDate "2025.06.03"]
[EventType "swiss (blitz)"]
[EventRounds "11"]
[EventCountry "USA"]
[SourceTitle "CB24_2025"]
[SourceDate "2025.06.11"]
[SourceVersion "1"]
[SourceVersionDate "2025.06.11"]
[SourceQuality "1"]

1. e4 Nc6 2. Nf3 d6 3. d4 e5 4. Bb5 Bd7 5. 0-0 Nge7 6. Nc3 Nxd4 7. Nxd4 exd4 8. Bxd7+ Qxd7 9. Qxd4 Nc6 10. Qa4 Be7 11. Nd5 0-0 12. Bf4 Rae8 13. Rfe1 Bd8 14. c3 h6 15. h3 a6 16. Rad1 f5 17. Qb3 Kh8 18. exf5 Rxe1+ 19. Rxe1 Qxf5 20. Bg3 Na5 21. Qd1 Nc4 22. Ne3 Nxe3 23. Rxe3 Qf7 24. b3 Kg8 25. c4 Bg5 26. Rf3 Qe6 27. Rxf8+ Kxf8 28. Qf3+ Kg8 29. Qxb7 Bd8 30. Qa8 Qe7 31. Qxa6 h5 32. h4 g5 33. hxg5 h4 34. Bxh4 Qe1+ 35. Kh2 Qe5+ 36. Bg3 Qh8+ 37. Kg1 Qa1+ 38. Kh2 Qh8+ 39. Kg1 Qa1+ 40. Kh2 Qh8+ 1/2-1/2

[Event "Titled Tuesday intern op 14th Jan Early"]
[Site "Chess.com INT"]
[Date "2025.01.14"]
[Round "7"]
[White "Mesquita, Eduardo Barbosa"]
[Black "Walmer, Benjamin"]
[Result "0-1"]
[WhiteElo "2014"]
[BlackElo "1990"]
[PlyCount "86"]
[EventDate "2025.01.14"]
[EventType "swiss (blitz)"]
[EventRounds "11"]
[EventCountry "USA"]
[SourceTitle "CB04_2025"]
[SourceDate "2025.01.22"]
[SourceVersion "1"]
[SourceVersionDate "2025.01.22"]
[SourceQuality "1"]

1. Nf3 Nf6 2. d4 d5 3. c4 e6 4. Nc3 dxc4 5. e3 a6 6. Bxc4 b5 7. Bb3 Bb7 8. 0-0 Be7 9. Re1 0-0 10. e4 b4 11. e5 bxc3 12. exf6 cxb2 13. fxe7 bxa1Q 14. exd8Q Rxd8 15. Qd2 Bxf3 16. Bb2 Qxe1+ 17. Qxe1 Bd5 18. Bc2 Nd7 19. h4 Nf6 20. Qe5 Bxa2 21. Qxc7 Rdc8 22. Qa5 Rxc2 23. Ba3 Bd5 24. h5 Nxh5 25. g3 Ra2 26. Qc3 Nf6 27. Kh2 Rxf2+ 28. Kh3 g5 29. Bc1 g4+ 30. Kh4 Rh2+ 31. Kg5 Ne4+ 32. Kf4 Nxc3 33. Bd2 Ne2+ 34. Kg5 h6+ 35. Kf6 Rf2+ 36. Bf4 Nxf4 37. gxf4 g3 38. Ke5 g2 39. f5 g1Q 40. Kf6 Qg7+ 41. Ke7 f6+ 42. Kd6 Rd8+ 43. Kc5 Rc2+ 0-1

[Event "Titled Tuesday intern op 14th Jan Early"]
[Site "Chess.com INT"]
[Date "2025.01.14"]
[Round "4"]
[White "Murawski, Jan"]
[Black "Walmer, Benjamin"]
[Result "0-1"]
[WhiteElo "1975"]
[BlackElo "1990"]
[PlyCount "134"]
[EventDate "2025.01.14"]
[EventType "swiss (blitz)"]
[EventRounds "11"]
[EventCountry "USA"]
[SourceTitle "CB04_2025"]
[SourceDate "2025.01.22"]
[SourceVersion "1"]
[SourceVersionDate "2025.01.22"]
[SourceQuality "1"]

1. c4 e6 2. Nc3 d5 3. cxd5 exd5 4. d4 Nf6 5. Bg5 c6 6. e3 Qb6 7. Qc2 Ne4 8. Bf4 Bf5 9. Bd3 Na6 10. a3 Qa5 11. Rc1 Nxc3 12. Qxc3 Qxc3+ 13. Rxc3 Bxd3 14. Rxd3 Kd7 15. Nf3 f6 16. Ke2 Nc7 17. Bxc7 Kxc7 18. Rc1 Kd7 19. Rb3 b6 20. Rbc3 Rc8 21. b4 Bd6 22. g3 g5 23. Ne1 h5 24. h3 f5 25. Nf3 f4 26. Nxg5 fxg3 27. fxg3 Rhg8 28. h4 Bxg3 29. Nf3 Bd6 30. Kf2 Bg3+ 31. Ke2 Bd6 32. Rf1 Rcf8 33. Rcc1 Re8 34. Rce1 Rg4 35. Rf2 Bg3 36. Ref1 Bxf2 37. Ne5+ Rxe5 38. dxe5 Bxh4 39. Rf7+ Be7 40. Rh7 h4 41. Kf3 Re4 42. Rh6 Rxe5 43. Rh7 Rf5+ 44. Kg4 Rf1 45. Kh3 Rf3+ 46. Kg2 Rxe3 47. Kf2 Rxa3 48. Ke2 d4 49. Kd2 h3 50. Kc2 h2 51. Rxh2 Ra2+ 52. Kb3 Rxh2 53. b5 d3 54. bxc6+ Kxc6 55. Kc3 Rc2+ 56. Kxd3 Rc5 57. Kd2 a5 58. Kd3 a4 59. Kd2 a3 60. Kd3 a2 61. Kd2 a1Q 62. Kd3 Qc3+ 63. Ke2 Re5+ 64. Kf2 Bc5+ 65. Kg2 Rg5+ 66. Kh2 Qg3+ 67. Kh1 Qg1# 0-1

[Event "Titled Tuesday intern op 14th Jan Early"]
[Site "Chess.com INT"]
[Date "2025.01.14"]
[Round "6"]
[White "Walmer, Benjamin"]
[Black "Gasparyan, Davit"]
[Result "1-0"]
[WhiteElo "1990"]
[BlackElo "2263"]
[PlyCount "259"]
[EventDate "2025.01.14"]
[EventType "swiss (blitz)"]
[EventRounds "11"]
[EventCountry "USA"]
[SourceTitle "CB04_2025"]
[SourceDate "2025.01.22"]
[SourceVersion "1"]
[SourceVersionDate "2025.01.22"]
[SourceQuality "1"]

1. e4 c5 2. c3 Nf6 3. e5 Nd5 4. Nf3 d6 5. Bb5+ Bd7 6. Bc4 Bc6 7. 0-0 e6 8. d4 Nd7 9. Qe2 N7b6 10. Bd3 Be7 11. Rd1 cxd4 12. cxd4 Nb4 13. Be4 0-0 14. Nc3 Bxe4 15. Qxe4 dxe5 16. dxe5 N6d5 17. Be3 Qa5 18. Nxd5 Nxd5 19. Bd2 Qb6 20. b3 Rac8 21. Rac1 Rfd8 22. h4 h6 23. Qg4 Kh8 24. Qe4 Ba3 25. Rxc8 Rxc8 26. Be1 Rc1 27. Rxc1 Bxc1 28. Qc4 Ba3 29. Qa4 Bf8 30. Qe8 Qc7 31. Qxf8+ Kh7 32. Qa3 Nf4 33. Qb2 Qc6 34. Qb1+ g6 35. Qd1 Qe4 36. Bd2 Ne2+ 37. Kf1 Nd4 38. Nxd4 Qxd4 39. Qe2 Qxh4 40. f3 Qh1+ 41. Kf2 Qh4+ 42. Kg1 Qg3 43. Be1 Qf4 44. Bf2 Qc1+ 45. Kh2 Qf4+ 46. g3 Qf5 47. f4 Qb1 48. Kg2 h5 49. Bxa7 Qf5 50. Bf2 h4 51. gxh4 Qxf4 52. Bg3 Qc1 53. Qf2 Qc6+ 54. Kh2 Kg7 55. Qf6+ Kg8 56. Qf2 Kg7 57. a4 Qd5 58. b4 Qb3 59. Qf6+ Kg8 60. Qd8+ Kg7 61. Qf6+ Kg8 62. Qd8+ Kg7 63. Qd4 Qxa4 64. h5 Qc2+ 65. Kg1 Qc1+ 66. Kg2 Qc2+ 67. Bf2 gxh5 68. Qf4 Kf8 69. Qh6+ Ke8 70. Qxh5 Qe4+ 71. Kh2 Qf4+ 72. Kg1 Qc1+ 73. Kg2 Qc6+ 74. Qf3 Qc7 75. Qe3 Qc6+ 76. Kg3 Qd5 77. Qc5 Qd3+ 78. Be3 Qg6+ 79. Kf2 Qf5+ 80. Ke2 Qg4+ 81. Kd2 Qg2+ 82. Kd3 Qf1+ 83. Kc3 Qe1+ 84. Kc2 Qe2+ 85. Bd2 Qe4+ 86. Kb2 Qd3 87. Qd6 Qc4 88. Qb8+ Ke7 89. Qxb7+ Kf8 90. Qb8+ Kg7 91. Qd6 Qb5 92. Bc3 Qe2+ 93. Qd2 Qc4 94. Qg5+ Kf8 95. Qd8+ Kg7 96. Qg5+ Kf8 97. Qc1 Qe2+ 98. Qc2 Qc4 99. Qb3 Qe2+ 100. Ka3 Qa6+ 101. Qa4 Qc4 102. Kb2 Qe2+ 103. Qc2 Qc4 104. Qd1 Qe4 105. b5 Qc4 106. Qd6+ Kg7 107. b6 Qb5+ 108. Kc2 Qe2+ 109. Kb3 Qb5+ 110. Bb4 Kg6 111. Kc3 Kg7 112. Kd4 Kg6 113. Qc5 Qd7+ 114. Kc4 Qa4 115. b7 Qc2+ 116. Kb5 Qd3+ 117. Kb6 Qd7 118. b8Q Kf5 119. Qbd6 Qe8 120. Ka5 Qa8+ 121. Kb5 Qb7+ 122. Kc4 Qe4+ 123. Qcd4 Qc2+ 124. Kb5 Kg5 125. Qg1+ Kf4 126. Qd2+ Kf3 127. Qxc2 f5 128. Qcf2+ Ke4 129. Qd4+ Kf3 130. Qgf2# 1-0

[Event "Titled Tuesday intern op 14th Jan Early"]
[Site "Chess.com INT"]
[Date "2025.01.14"]
[Round "8"]
[White "Walmer, Benjamin"]
[Black "Karamsetty, Jeevan"]
[Result "0-1"]
[WhiteElo "1990"]
[BlackElo "2244"]
[PlyCount "86"]
[EventDate "2025.01.14"]
[EventType "swiss (blitz)"]
[EventRounds "11"]
[EventCountry "USA"]
[SourceTitle "CB04_2025"]
[SourceDate "2025.01.22"]
[SourceVersion "1"]
[SourceVersionDate "2025.01.22"]
[SourceQuality "1"]

1. e4 d6 2. d4 Nf6 3. Nc3 e5 4. Nf3 Nbd7 5. Bc4 Be7 6. 0-0 0-0 7. Re1 a6 8. a4 b6 9. Bg5 Bb7 10. Qd2 c6 11. d5 cxd5 12. Bxf6 Nxf6 13. Nxd5 Rc8 14. Nxf6+ Bxf6 15. Bb3 Qc7 16. c3 Rfd8 17. Rad1 Bc6 18. Qe2 b5 19. axb5 Bxb5 20. Qd2 Rb8 21. Bd5 Bc4 22. Ra1 Bxd5 23. Qxd5 Rxb2 24. Rxa6 Qxc3 25. Rxd6 Rxd6 26. Qxd6 h6 27. Qd1 Rc2 28. Rf1 g5 29. h3 Qc4 30. Re1 Qc5 31. Rf1 Kg7 32. Nh2 Rc4 33. Qf3 Rc3 34. Qf5 Qc8 35. Qxc8 Rxc8 36. Ng4 Rc4 37. Re1 h5 38. Ne3 Ra4 39. Nf5+ Kg6 40. f3 Bd8 41. Rb1 Ra6 42. Kh2 Bb6 43. Rb5 h4 0-1

[Event "Titled Tuesday intern op 07th Jan Early"]
[Site "Chess.com INT"]
[Date "2025.01.07"]
[Round "5"]
[White "Salinas Herrera, Pablo Patricio"]
[Black "Walmer, Benjamin"]
[Result "1-0"]
[WhiteElo "2471"]
[BlackElo "1990"]
[PlyCount "159"]
[EventDate "2025.01.07"]
[EventType "swiss (blitz)"]
[EventRounds "11"]
[EventCountry "USA"]
[SourceTitle "CB03_2025"]
[SourceDate "2025.01.15"]
[SourceVersion "1"]
[SourceVersionDate "2025.01.15"]
[SourceQuality "1"]

1. d4 d5 2. Nf3 Nf6 3. Bf4 c5 4. e3 Nc6 5. Nbd2 e6 6. c3 Nh5 7. Be5 f6 8. Bg3 g6 9. Bd3 Be7 10. 0-0 0-0 11. Re1 Nxg3 12. hxg3 e5 13. c4 dxc4 14. Bxc4+ Kg7 15. dxe5 fxe5 16. Ne4 Bf5 17. Nfd2 Qd7 18. a3 Rad8 19. Qc2 Qc7 20. Qc3 Qa5 21. Rac1 Qxc3 22. Rxc3 b6 23. Be2 Na5 24. g4 Be6 25. Rec1 Rd7 26. Nc4 Nxc4 27. Bxc4 Bxg4 28. f3 Bf5 29. Bd3 Rfd8 30. Bc2 h5 31. Rc4 h4 32. Nf2 Bxc2 33. R1xc2 Rd2 34. Ne4 Rxc2 35. Rxc2 g5 36. Kh2 Kg6 37. Kh3 Kf5 38. Nf2 Bf6 39. e4+ Ke6 40. Kg4 Rd4 41. Kh5 Be7 42. Nh3 Rd8 43. Kg4 b5 44. Nf2 c4 45. Kh3 a6 46. Ng4 Rd4 47. Ne3 Rd3 48. Nf5 Bc5 49. Kg4 Be3 50. Nxe3 Rxe3 51. Rf2 a5 52. Kxg5 Kd6 53. Kxh4 b4 54. axb4 axb4 55. g4 c3 56. bxc3 bxc3 57. g5 Ke6 58. Kg4 Rd3 59. Rc2 Re3 60. Ra2 Rd3 61. Ra6+ Rd6 62. Ra2 Rd2 63. Ra6+ Rd6 64. Ra1 Rd3 65. Rc1 Re3 66. Rc2 Rd3 67. f4 Rd4 68. f5+ Kf7 69. Kf3 Rd3+ 70. Ke2 Rg3 71. g6+ Kf6 72. Kd1 Re3 73. Re2 Rd3+ 74. Kc2 Rg3 75. Re1 Kg7 76. Rh1 Rg4 77. Rh7+ Kg8 78. Re7 Rxe4 79. f6 Rf4 80. Re8# 1-0

[Event "Titled Tuesday intern op 07th Jan Early"]
[Site "Chess.com INT"]
[Date "2025.01.07"]
[Round "3"]
[White "Walmer, Benjamin"]
[Black "Oksendal, Martin"]
[Result "1-0"]
[WhiteElo "1990"]
[BlackElo "2246"]
[PlyCount "139"]
[EventDate "2025.01.07"]
[EventType "swiss (blitz)"]
[EventRounds "11"]
[EventCountry "USA"]
[SourceTitle "CB03_2025"]
[SourceDate "2025.01.15"]
[SourceVersion "1"]
[SourceVersionDate "2025.01.15"]
[SourceQuality "1"]

1. e4 c5 2. c3 Nf6 3. e5 Nd5 4. Nf3 d6 5. Bb5+ Bd7 6. Bc4 Nb6 7. Bxf7+ Kxf7 8. e6+ Kg8 9. exd7 Qxd7 10. d4 cxd4 11. cxd4 Nc6 12. 0-0 e6 13. Nc3 Nb4 14. Re1 Be7 15. Bg5 Re8 16. Qb3 N4d5 17. Ne4 h6 18. Bd2 Qa4 19. Qd3 Qc4 20. Qb1 Kf7 21. b3 Qc6 22. Qd3 Rhf8 23. Rac1 Qd7 24. a4 Kg8 25. a5 Na8 26. Ng3 Nac7 27. b4 Qb5 28. Qxb5 Nxb5 29. Rxe6 Bf6 30. Rxe8 Rxe8 31. Nf5 Kf7 32. Kf1 Kg6 33. Ne3 Nf4 34. h4 Nxd4 35. Nxd4 Bxd4 36. Rc4 Be5 37. Re4 Ne6 38. Rg4+ Kh7 39. h5 Rf8 40. f3 Rf4 41. Rxf4 Bxf4 42. Ke2 Nd4+ 43. Kd3 Nc6 44. Bc3 Kg8 45. Nd5 Bg3 46. b5 Nd8 47. Bd4 a6 48. bxa6 bxa6 49. Nc7 Nc6 50. Bc3 Be5 51. Bd2 Kf7 52. Nxa6 Kf6 53. Nc7 g6 54. Nd5+ Kf7 55. hxg6+ Kxg6 56. a6 h5 57. Be3 Kf5 58. a7 Nxa7 59. Bxa7 h4 60. Ne3+ Kf4 61. Nd5+ Kg3 62. Ne3 h3 63. gxh3 Kxh3 64. Ke4 Kg3 65. Nd5 Bb2 66. Be3 Be5 67. Bf4+ Bxf4 68. Nxf4 Kf2 69. Nd5 Ke2 70. f4 1-0